Statistiques concernant Divergente - Factions par descriptions

Cliquez ici pour prendre le quiz!

Statistiques générales

  • Ce quiz a été pris 41 fois
  • Le résultat moyen est 4 sur 5

Statistiques - réponses

HintRéponse% Correct
En ne pensant qu'à moi, je cours à ma perteAltruistes
92%
Centre le conflit, une solution : le savoir, l'intelligence au service du progrèsÉrudits
92%
Un esprit sans peur, un courage sans conditions, et La Défense des plus faibles pour missionAudacieux
89%
Le mensonge engendre le mal. La vérité engendre l'unionSincères
74%
Solidarité, confiance, pardon, bontéFraternels
71%

Distribution des résultats

Percentile par nombre de réponses

% des personnes avec chaque résultat

Votre développement - résultats

Vous n’avez pas pris ce quiz